Nuclear Powers Quiz Stats

Quiz not verified by Sporcle

Challenge
Share
Tweet
Embed
Score 0/23 Timer 05:00
0 Plays Today
Hint Country % Correct
2nd nuclear powerRussia
99.4%
4th nuclear powerFrance
96.9%
5th nuclear powerChina
96.9%
1st nuclear powerUSA
96.7%
3rd nuclear powerUK
95.3%
claims to have nuclear weaponsNorth Korea
94.7%
alleged nuclear powerIran
92.7%
6th nuclear powerIndia
92.5%
possesses but never developed nuclear weaponsGermany
88.8%
8th nuclear powerPakistan
88.6%
neither claims nor denies to be nuclear powerIsrael
88%
possesses but never developed nuclear weaponsItaly
76%
Hint Country % Correct
possessed but never developed nuclear weaponsCanada
69.5%
possesses but never developed nuclear weaponsTurkey
64%
possessed but never developed nuclear weaponsUkraine
62.1%
possessed but disassembled nuclear weaponsSouth Africa
60.5%
possessed but never developed nuclear weaponsKazakhstan
44.4%
possessed but never developed nuclear weaponsGreece
44%
alleged nuclear powerSyria
43%
possesses but never developed nuclear weaponsNetherlands
42.2%
possessed but never developed nuclear weaponsBelarus
40.1%
possesses but never developed nuclear weaponsBelgium
39.3%
alleged nuclear powerMyanmar
12%

You're not logged in!

Compare scores with friends on all Sporcle quizzes.
Sign Up with Email
OR
Log In

You Might Also Like...

Show Comments

Extras

Top Quizzes Today


Score Distribution

Your Account Isn't Verified!

In order to create a playlist on Sporcle, you need to verify the email address you used during registration. Go to your Sporcle Settings to finish the process.

Report this User

Report this user for behavior that violates our Community Guidelines.

Details: